MARC

LEADER 00000nam0a2200000 4500
001 159506
005 20231101222121.0
035 |a (RuTPU)RU\TPU\book\173012 
090 |a 159506 
100 |a 20090512d1971 m y0rusy50 ca 
101 0 |a rus 
102 |a RU 
105 |a a z 000zy 
200 1 |a Ленинград в блокаде  |e акварели архитектора Валентина Александровича Каменского  |f В. А. Каменский 
210 |a Ленинград  |c Художник РСФСР  |d  1971 
215 |a с.  |c ил. 
600 1 |a Каменский  |b В. А.  |c архитектор  |f 1907-1977 гг.  |g Валентин Александрович  |2 stltpush  |3 (RuTPU)RU\TPU\pers\25266  |9 11299 
610 1 |a акварель 
610 1 |a архитектура 
610 1 |a Ленинград 
610 1 |a блокада 
610 1 |a блокадный Ленинград 
675 |a 7(074)  |v 3 
675 |a 9 (С12)  |v 3 
700 1 |a Каменский  |b В. А.  |g Валентин Александрович 
801 1 |a RU  |b 63413507  |c 20090512  |g PSBO 
801 2 |a RU  |b 63413507  |c 20100115  |g PSBO 
942 |c BK